The Koran: (Record no. 20713)

MARC details
000 -LEADER
fixed length control field 00690cam a2200241u 4500
001 - CONTROL NUMBER
control field 7829344
003 - CONTROL NUMBER IDENTIFIER
control field BDDh-ASL
005 - DATE AND TIME OF LATEST TRANSACTION
control field 20231015025927.0
008 - FIXED-LENGTH DATA ELEMENTS--GENERAL INFORMATION
fixed length control field 821105s1881 nyu 000 0 eng
010 ## - LIBRARY OF CONGRESS CONTROL NUMBER
LC control number 35025181
040 ## - CATALOGING SOURCE
Original cataloging agency DLC
Transcribing agency CarP
Modifying agency DLC
-- BDDh-ASL
041 1# - LANGUAGE CODE
Language code of text/sound track or separate title engara
050 00 - LIBRARY OF CONGRESS CALL NUMBER
Classification number BP109
Item number .S3 1881
082 ## - DEWEY DECIMAL CLASSIFICATION NUMBER
Classification number 297.12
Item number QUK
100 1# - MAIN ENTRY--PERSONAL NAME
9 (RLIN) 2738
Personal name Sale, George
130 0# - MAIN ENTRY--UNIFORM TITLE
Uniform title Qurʼan.
Language of a work English.
Date of a work 1881.
245 14 - TITLE STATEMENT
Title The Koran:
Statement of responsibility, etc. translated into English from the original Arabic /
260 ## - PUBLICATION, DISTRIBUTION, ETC.
Place of publication, distribution, etc. New York:
Name of publisher, distributor, etc. Frederick warne and Co. Ltd.,
300 ## - PHYSICAL DESCRIPTION
Extent 608, [4] p.
Dimensions 17 cm.
650 #0 - SUBJECT ADDED ENTRY--TOPICAL TERM
9 (RLIN) 1652
Topical term or geographic name entry element Islam
906 ## - LOCAL DATA ELEMENT F, LDF (RLIN)
a 0
b cbc
c premunv
d u
e ncip
f 19
g y-gencatlg
942 ## - ADDED ENTRY ELEMENTS (KOHA)
Source of classification or shelving scheme Dewey Decimal Classification
Koha item type Books
Holdings
Withdrawn status Lost status Source of classification or shelving scheme Damaged status Not for loan Collection code Home library Current library Shelving location Date acquired Source of acquisition Total Checkouts Full call number Barcode Date last seen Copy number Price effective from Koha item type
    Dewey Decimal Classification     Non-fiction Asiatic Society Library Asiatic Society Library General Stacks 01/13/2021 ASB Collection   297.12 QUK 104189 01/13/2021 C-1 01/13/2021 Books

Powered by Koha